Sue in Space / (Record no. 199004)

MARC details
000 -LEADER
fixed length control field 01098nam a2200337 ia4500
005 - DATE AND TIME OF LATEST TRANSACTION
control field 20250223115344.0
008 - FIXED-LENGTH DATA ELEMENTS--GENERAL INFORMATION
fixed length control field 250223t20242024my a br 000 1 eng d
020 ## - INTERNATIONAL STANDARD BOOK NUMBER
International Standard Book Number 9786297652313
Terms of availability RM69.90
Qualifying information paperback
040 ## - CATALOGING SOURCE
Original cataloging agency PPAK
Language of cataloging eng
Transcribing agency PPAK
Description conventions rda
082 04 - DEWEY DECIMAL CLASSIFICATION NUMBER
Edition number 23
Classification number 428.6
090 00 - LOCALLY ASSIGNED LC-TYPE CALL NUMBER (OCLC); LOCAL CALL NUMBER (RLIN)
Classification number (OCLC) (R) ; Classification number, CALL (RLIN) (NR) 428.6
Feature heading JHA
Feature heading K
100 1# - MAIN ENTRY--PERSONAL NAME
Personal name Jha, Richa,
Relator term author.
245 10 - TITLE STATEMENT
Title Sue in Space /
Statement of responsibility, etc. Author : Richa Jha ; Illustrator : Lavanya Karthik
264 #1 - PRODUCTION, PUBLICATION, DISTRIBUTION, MANUFACTURE, AND COPYRIGHT NOTICE
Place of production, publication, distribution, manufacture Petaling Jaya, Selangor :
Name of producer, publisher, distributor, manufacturer Edu Apps (Mal) Sdn. Bhd.,
Date of production, publication, distribution, manufacture, or copyright notice [2024]
Date of production, publication, distribution, manufacture, or copyright notice ©2024
300 ## - PHYSICAL DESCRIPTION
Extent 22 pages :
Other physical details color illustrations ;
Dimensions 21 cm
336 ## - CONTENT TYPE
Content type term text
Source rdacontent
337 ## - MEDIA TYPE
Media type term unmediated
Source rdamedia
338 ## - CARRIER TYPE
Carrier type term volume
Source rdacarrier
490 1# - SERIES STATEMENT
Series statement STEM SERIES
Series statement LET ME READ TO YOU
500 ## - GENERAL NOTE
General note RE@RE recordable audio books
General note Contain QR codes for pre-recorded audio
650 10 - SUBJECT ADDED ENTRY--TOPICAL TERM
Topical term or geographic name entry element Readers
Form subdivision Juvenile fiction
Topical term or geographic name entry element Space
Form subdivision Juvenile fiction
Topical term or geographic name entry element Stories in rhyme
700 1# - ADDED ENTRY--PERSONAL NAME
Personal name Karthik, Lavanya,
Relator term illustrator.
830 #0 - SERIES ADDED ENTRY--UNIFORM TITLE
Uniform title STEM series
Uniform title Let me read to you
942 ## - ADDED ENTRY ELEMENTS (KOHA)
Source of classification or shelving scheme Dewey Decimal Classification
Koha item type Book
Holdings
Withdrawn Not for loan Current library Shelving location Date acquired Total Checkouts Total Renewals Full call number Barcode Date last seen Date last checked out Koha item type
    Perpustakaan Alor Setar Pinjaman Kanak-kanak 04/03/2025 1 1 K 428.6 JHA A01866762 14/09/2025 09/08/2025 Book
    Perpustakaan Awam Sungai Petani Pinjaman Kanak-kanak 04/03/2025 3   K 428.6 JHA A01866763 29/11/2025 08/11/2025 Book
    Perpustakaan Baling Pinjaman Kanak-kanak 04/03/2025     K 428.6 JHA A01866766 04/03/2025   Book
    Perpustakaan Bandar Baharu Pinjaman Kanak-kanak 04/03/2025     K 428.6 JHA A01866767 04/03/2025   Book
    Perpustakaan Jitra Pinjaman Kanak-kanak 04/03/2025 1 1 K 428.6 JHA A01866764 23/05/2026 18/04/2026 Book
    Perpustakaan Kulim Pinjaman Kanak-kanak 04/03/2025 1   K 428.6 JHA A01866765 08/09/2025 17/08/2025 Book
    Perpustakaan Merbok Pinjaman Kanak-kanak 04/03/2025     K 428.6 JHA A01866768 04/03/2025   Book